D1 College Basketball Teams 2022-2023 - Statistics

General Stats
  • This quiz has been taken 1,704 times
    1,416 since last reset
  • The average score is 208 of 363
Answer Stats
Conference School % Correct
ACC North Carolina
93%
ACC Duke
92%
SEC Florida
88%
SEC Georgia
88%
ACC Florida State
87%
Big 12 Texas
87%
ACC Virginia
87%
SEC Alabama
86%
ACC Clemson
86%
Big East UConn
86%
ACC Miami
85%
Mid-American Miami of Ohio
85%
Big Ten Michigan
85%
Mid-American Ohio
85%
ACC Boston College
84%
Ivy League Harvard
84%
Big 12 Kansas
84%
ACC NC State
84%
Pac 12 Oregon
84%
Ivy League Penn
84%
Pac 12 UCLA
84%
Big Ten Iowa
83%
Big Ten Michigan State
83%
Big Ten Ohio State
83%
ACC Virginia Tech
83%
Pac 12 Washington
83%
Pac 12 Arizona
82%
Pac 12 California
82%
Pac 12 Colorado
82%
Big 12 Kansas State
82%
SEC Kentucky
82%
Big 12 Oklahoma
82%
Pac 12 USC
82%
Big Ten Indiana
81%
Pac 12 Oregon State
81%
Big Ten Purdue
81%
Pac 12 Utah
81%
Pac 12 Arizona State
80%
ACC Georgia Tech
80%
Big Ten Illinois
80%
ACC Louisville
80%
SEC South Carolina
80%
ACC Syracuse
80%
SEC Texas A&M
80%
Pac 12 Washington State
80%
Big Ten Wisconsin
80%
SEC Arkansas
79%
Big 12 Iowa State
79%
Big Ten Minnesota
79%
Big Ten Nebraska
79%
ACC Notre Dame
79%
Big Ten Penn State
79%
ACC Pittsburgh
79%
SEC Tennessee
79%
Big 12 Texas Tech
79%
Ivy League Yale
79%
Mountain West Colorado State
78%
American Athletic Houston
78%
SEC LSU
78%
Big Ten Maryland
78%
SEC Missouri
78%
Big 12 Oklahoma State
78%
SEC Ole Miss
78%
Big 12 West Virginia
78%
Big Ten Rutgers
77%
Big West UC San Diego
77%
ACC Wake Forest
77%
Big Ten Northwestern
76%
West Coast San Diego
76%
Mountain West Utah State
76%
Big 12 Baylor
75%
Big East Georgetown
75%
Mountain West New Mexico
75%
Big East Villanova
75%
SEC Auburn
74%
West Coast Gonzaga
74%
Big Sky Idaho
74%
SEC Mississippi State
74%
Big Sky Montana
74%
Ivy League Princeton
74%
Pac 12 Stanford
74%
Mountain West Boise State
73%
Ivy League Brown
73%
Big East Creighton
73%
America East Maine
73%
Mountain West Nevada
73%
Summit North Dakota
73%
Big 12 TCU
73%
America East Vermont
73%
Big East Xavier
73%
Mountain West Air Force
72%
Big East Providence
72%
Summit South Dakota
72%
Big East Butler
71%
Big East Marquette
71%
Big Sky Montana State
71%
Summit South Dakota State
71%
Big East St John's
71%
Mountain West UNLV
71%
Mountain West Wyoming
71%
Patriot League Army
70%
Patriot League Navy
70%
Southwestern Southern
70%
Atlantic 10 UMass
70%
SEC Vanderbilt
70%
West Coast BYU
69%
Ivy League Cornell
69%
Ivy League Dartmouth
69%
Big Sky Idaho State
69%
Sun Belt Louisiana
69%
Mountain West San Diego State
69%
American Athletic UCF
69%
American Athletic Cincinnati
68%
America East New Hampshire
68%
Western Athletic New Mexico State
68%
Summit North Dakota State
68%
American Athletic Tulane
68%
Ivy League Columbia
67%
Sun Belt Georgia State
67%
Big West Hawaii
67%
American Athletic Memphis
67%
American Athletic USF (South Florida)
67%
Big East DePaul
66%
Missouri Valley Indiana State
66%
West Coast Portland
66%
Atlantic 10 Rhode Island
66%
West Coast St. Mary's
66%
American Athletic Tulsa
66%
Mid-American Eastern Michigan
65%
Mid-American Western Michigan
65%
Conference USA Florida Atlantic
64%
Patriot League Loyola MD
64%
American Athletic Wichita State
64%
Southwestern Alabama State
63%
Sun Belt Arkansas State
63%
Mid-American Buffalo
63%
Atlantic 10 Dayton
63%
Mid-American Akron
62%
Colonial Athletic Delaware
62%
Atlantic Sun Jacksonville
62%
Sun Belt Texas State
62%
Conference USA UTEP
62%
Conference USA Western Kentucky
62%
Mid-American Central Michigan
61%
Missouri Valley Missouri State
61%
West Coast San Francisco
61%
Big East Seton Hall
61%
American Athletic SMU
61%
American Athletic Temple
61%
Mid-American Toledo
61%
Conference USA UTSA
61%
Conference USA North Texas
60%
Mountain West San Jose State
60%
America East Albany
59%
Mountain West Fresno State
59%
Missouri Valley Illinois State
59%
Mid-American Northern Illinois
59%
American Athletic East Carolina
58%
Atlantic 10 George Washington
58%
Atlantic 10 Saint Louis
58%
Conference USA UAB
58%
Mid-American Bowling Green
57%
Missouri Valley Drake
57%
Mid-American Kent State
57%
Big Sky Northern Arizona
57%
Big West UC Santa Barbara
57%
Atlantic 10 VCU
57%
Horizon League Green Bay
56%
Atlantic Sun Jacksonville State
56%
Big Sky Portland State
56%
Patriot League Boston University
55%
Atlantic 10 Davidson
55%
Summit Denver
55%
Conference USA Florida International
55%
Sun Belt Georgia Southern
55%
Southwestern Jackson State
55%
Atlantic 10 Richmond
55%
Big Sky Sacramento State
55%
Mid-Eastern South Carolina State
55%
Metro Atlantic St. Peter's
55%
Ohio Valley Tennessee State
55%
America East UMBC
55%
Patriot League American
54%
Mid-American Ball State
54%
Colonial Athletic Charleston
54%
Horizon League Cleveland State
54%
Big Sky Eastern Washington
54%
Atlantic 10 George Mason
54%
Sun Belt Marshall
54%
Horizon League Milwaukee
54%
West Coast Pepperdine
54%
Conference USA Rice
54%
Missouri Valley Southern Illinois
54%
Southwestern Alabama A&M
53%
Conference USA Charlotte
53%
Patriot League Colgate
53%
Atlantic Sun Eastern Kentucky
53%
Summit Omaha
53%
Big West UC Davis
53%
Big West UC Irvine
53%
NCAA Independent Chicago State
52%
Atlantic Sun Florida Gulf Coast
52%
Horizon League IUPUI
52%
Atlantic Sun Liberty
52%
Sun Belt Southern Miss
52%
Big South Coastal Carolina
51%
Atlantic 10 Fordham
51%
Western Athletic Grand Canyon
51%
Metro Atlantic Iona
51%
Sun Belt James Madison
51%
Conference USA Louisiana Tech
51%
Conference USA Middle Tennessee State
51%
Horizon League Northern Kentucky
51%
Summit Oral Roberts
51%
Western Athletic Seattle U
51%
Sun Belt Appalachian State
50%
Mid-Eastern Delaware State
50%
Ohio Valley Eastern Illinois
50%
Horizon League Oakland
50%
Sun Belt South Alabama
50%
Southern Chattanooga
49%
Horizon League Detroit Mercy
49%
Mid-Eastern Howard
49%
Missouri Valley Murray State
49%
Colonial Athletic Northeastern
49%
Big Sky Northern Colorado
49%
Missouri Valley Northern Iowa
49%
Big South UNC Ashville
49%
Summit Western Illinois
49%
American East Bryant
48%
Atlantic 10 Duquesne
48%
Southwestern Florida A&M
48%
Southwestern Texas Southern
48%
America East Binghamton
47%
Patriot League Bucknell
47%
Big West CSU Fullerton
47%
Southwestern Grambling State
47%
Atlantic Sun North Florida
47%
Atlantic 10 St. Joseph's
47%
Ohio Valley Tennessee Tech
47%
America East UMass-Lowell
47%
Big Sky Weber State
47%
Horizon League Youngstown State
47%
Southern Furman
46%
NCAA Independent Hartford
46%
Atlantic Sun Kennesaw State
46%
Patriot League Lafayette
46%
Patriot League Lehigh
46%
Sun Belt Louisiana-Monroe
46%
Horizon League Purdue Fort Wayne
46%
West Coast Santa Clara
46%
Summit UM Kansas City
46%
Big West Cal Poly
45%
Ohio Valley Little Rock
45%
Metro Atlantic Manhattan
45%
Ohio Valley SEMO
45%
Atlantic 10 St. Bonaventure
45%
Southern The Citadel
45%
Colonial Athletic UNC Wilmington
45%
Missouri Valley Bradley
44%
Big West CSU Bakersfield
44%
Colonial Athletic Drexel
44%
Big West Long Beach State
44%
Northeast Long Island
44%
Southland New Orleans
44%
America East NJIT
44%
Sun Belt Troy
44%
Big West UC Riverside
44%
Southern UNC Greensboro
44%
Southern VMI
44%
Southern Wofford
44%
Horizon League Wright State
44%
Missouri Valley Belmont
43%
Big West CSU Northridge
43%
Southern ETSU
43%
Mid-Eastern Norfolk State
43%
Atlantic Sun North Alabama
43%
Sun Belt Old Dominion
43%
Western Athletic Southern Utah
43%
Southland TAMU Corpus Christi
43%
Southern Western Carolina
43%
Southwestern Alcorn State
42%
Atlantic Sun Central Arkansas
42%
Colonial Athletic Elon
42%
Atlantic 10 Loyola Chicago
42%
Northeast Fairleigh Dickinson
41%
Patriot League Holy Cross
41%
West Coast Loyola Marymount
41%
Colonial Athletic NC A&T
41%
Southern Samford
41%
Western Athletic Sam Houston State
41%
Atlantic Sun Stetson
41%
Summit St. Thomas
41%
Missouri Valley UIC
41%
Western Athletic Utah Valley
41%
Atlantic Sun Bellarmine
40%
Northeast Central Connecticut St.
40%
Missouri Valley Evansville
40%
Atlantic 10 La Salle
40%
Southern Mercer
40%
Northeast Merrimack
40%
Colonial Athletic Monmouth
40%
West Coast Pacific
40%
Metro Atlantic Quinnipiac
40%
Big South SC Upstate
40%
Atlantic Sun Austin Peay
39%
Big South Campbell
39%
Colonial Athletic Hofstra
39%
Big South Longwood
39%
Southwestern Miss. Valley State
39%
Ohio Valley Morehead State
39%
Metro Atlantic Rider
39%
Horizon League Robert Morris
39%
Metro Atlantic Siena
39%
Western Athletic Utah Tech
39%
Ohio Valley UT Martin
39%
Missouri Valley Valparaiso
39%
Big South Charleston Southern
38%
Metro Atlantic Fairfield
38%
Big South High Point
38%
Colonial Athletic Stony Brook
38%
Colonial Athletic Towson
38%
Southwestern Arkansas Pine Bluff
37%
Metro Atlantic Canisius
37%
Colonial Athletic Hampton
37%
Metro Atlantic Mount St. Mary's
37%
Metro Atlantic Niagara
37%
Big South Radford
37%
Western Athletic Abilene Christian
36%
Mid-Eastern Coppin State
36%
Atlantic Sun Lipscomb
36%
Metro Atlantic Marist
36%
Mid-Eastern NC Central
36%
Northeast Wagner
36%
Mid-Eastern MD Eastern Shore
35%
Southland Nicholls State
35%
Southland Northwestern State
35%
Northeast Sacred Heart
35%
Colonial Athletic William & Mary
35%
Big South Winthrop
35%
Southwestern Bethune-Cookman
34%
Southland McNeese State
34%
Mid-Eastern Morgan State
34%
Southwestern Prairie View A&M
34%
Western Athletic TX Rio Grande Valley
34%
Western Athletic UT Arlington
34%
Big South Gardner-Webb
33%
Western Athletic Incarnate Word
33%
Southland SE Louisiana
33%
Ohio Valley Southern Indiana
33%
Western Athletic Stephen F. Austin
33%
Western Athletic Tarleton State
33%
Southland Houston Baptist
32%
Southland Lamar
32%
Big South Presbyterian
32%
Ohio Valley SIU Edwardsville
32%
Western Athletic California Baptist
31%
Northeast St. Francis (PA)
31%
Atlantic Sun Queens
30%
Ohio Valley Lindenwood
27%
Northeast St. Francis (BKN)
26%
Northeast Stonehill
25%
Southland TAMU Commerce
25%
No matching quizzes found
Score Distribution
Percent of People with Each Score
Percentile by Number Answered
Your Score History
You have not taken this quiz since the last reset